Finančné vzdelávanie ako cesta k finančnej gramotnosti (aj) v oblasti poisťovníctva
Poistenie ako súčasť finančných produktov. Súčasný stav finančného vzdelávania v Slovenskej republike. Vnímanie potreby finančného vzdelávania a preferencie jeho foriem v Slovenskej republike.
Uložené v:
| Hlavný autor: | |
|---|---|
| Médium: | Kapitola |
| Jazyk: | Slovak |
| Predmet: | |
| Tagy: |
Žiadne tagy, Buďte prvý, kto otaguje tento záznam!
|
MARC
| LEADER | 00000naa a2200000 4500 | ||
|---|---|---|---|
| 001 | 0142882 | ||
| 005 | 20240502072548.9 | ||
| 041 | 0 | |a slo | |
| 044 | |a SK | ||
| 245 | 1 | 0 | |a Finančné vzdelávanie ako cesta k finančnej gramotnosti (aj) v oblasti poisťovníctva |c Erika Pastoráková |
| 520 | |a Poistenie ako súčasť finančných produktov. Súčasný stav finančného vzdelávania v Slovenskej republike. Vnímanie potreby finančného vzdelávania a preferencie jeho foriem v Slovenskej republike. | ||
| 610 | 2 | 0 | |a Slovensko |
| 610 | 2 | 0 | |a gramotnosť finančná |
| 610 | 2 | 0 | |a poisťovníctvo |
| 610 | 2 | 0 | |a výskum ekonomický |
| 610 | 2 | 0 | |a vzdelávanie |
| 100 | 1 | |a Pastoráková, Erika, 1972- | |